| 000 | 00853nam a22002297a 4500 | ||
|---|---|---|---|
| 005 | 20250611143901.0 | ||
| 010 | _aENG-145329 | ||
| 020 |
_a9788194114024 _c1000.00 |
||
| 035 | _aEN-128861 | ||
| 037 | _bDBAD | ||
| 082 | 0 | 0 |
_a589.2 _21 |
| 100 |
_aDas, Kanad _981894 |
||
| 245 | 0 | 0 |
_aMacrofungi of Acharya Jagadish Chandra Bose Indian Botanic Garden: _bA Pictorial Guide/ _cKanad Das |
| 250 | _a1 | ||
| 260 |
_aKolkata _bENVIS Resource Partner on Biodiversity, Botanical Survey of India, _c2019 |
||
| 270 |
_aMinistry of Environment, Forest and Climate Change, Government of India _bKolkata _e700064 |
||
| 300 |
_a185p. _bill. (some col.), maps ; _c24 cm.(Hb) |
||
| 700 |
_aArvind Parihar _eAuthor _981895 |
||
| 700 |
_aManoj Emanual Hembrom _981896 |
||
| 710 | 2 |
_aBotanical Survey of India. _977449 |
|
| 942 |
_2ddc _cEN _h589.2 _mDAS |
||
| 999 |
_c211736 _d211736 |
||